Cities With 5 or Fewer Letters - Statistics

General Stats
  • This quiz has been taken 86 times
    82 since last reset
  • The average score is 10 of 23
Answer Stats
Rank City Population % Correct
1 Tokyo 39,400,000
89%
28 Paris 11,200,000
88%
16 Cairo 17,000,000
77%
5 Delhi 25,300,000
71%
6 Seoul 24,200,000
71%
33 Lima 9,800,000
62%
74 Milan 5,100,000
58%
55 Hanoi 6,650,000
56%
14 Osaka 17,800,000
56%
24 Lagos 13,500,000
50%
17 Dhaka 16,700,000
48%
64 Miami 5,950,000
48%
93 Accra 4,400,000
42%
56 Xi'an 6,600,000
39%
49 Wuhan 7,200,000
35%
101 Busan 4,200,000
27%
113 Tampa 3,950,000
21%
41 Pune 8,250,000
18%
110 Kano 3,975,000
15%
71 Surat 5,350,000
11%
97 Hefei 4,300,000
8%
115 Jinan 3,825,000
2%
65 Poona 5,850,000
0%
No matching quizzes found
Score Distribution
Percent of People with Each Score
Percentile by Number Answered
Your Score History
You have not taken this quiz since the last reset